000 00545nam a2200145Ia 4500
008 100204s9999 xx 000 0 und d
082 _b574
100 _aबोरकर लक्ष्मीदास
245 _aस्मगलर्सच्या दुनियेत
260 _b"प्रिया प्रकाशन, मुंबई"
_c1973
300 _a124
630 _aस्मगलर्सच्या दुनियेत
730 _aस्मगलर्सच्या दुनियेत
942 _cBOOK
999 _c445769
_d445766